Guess the Football Club Part 2 - Statistics

General Stats
  • This quiz has been taken 1,252 times
  • The average score is 15 of 24
Answer Stats
Picture Answer % Correct
AFC Ajax
98%
Fulham
93%
Tottenham Hotspur
93%
AC Milan
89%
VfL Wolfsburg
82%
West Ham United
81%
Eintracht Frankfurt
80%
Fiorentina
77%
Boca Juniors
76%
Real Betis
75%
Hamburger SV
74%
Watford
72%
Feyenoord
61%
Flamengo
59%
AS Monaco
55%
SL Benfica
55%
Hannover 96
54%
Fluminense
50%
Sampdoria
38%
Monterrey
37%
Juventus
33%
Girondins Bordeaux
27%
Leicester City
26%
Houston Dynamo
2%
No matching quizzes found
Score Distribution
Percent of People with Each Score
Percentile by Number Answered
Your Score History
You have not taken this quiz